| 000 | 00782nam a22002177a 4500 | ||
|---|---|---|---|
| 999 |
_c166358 _d166358 |
||
| 005 | 20190722131610.0 | ||
| 010 | _aENG-126034 | ||
| 020 |
_a9788178443331 _c1495.00 |
||
| 035 | _aEN-109566 | ||
| 037 | _bDBAD/PUB | ||
| 082 | _a515.15 | ||
| 100 | _aGautam, Pragti | ||
| 245 |
_aCalculus : _cby Pragti Gautam, Arvind [and] Saumya Agarwal _bfor B.A./B.Sc (Hons)- Mathematics as per choice baed credit system(CBSE) / / |
||
| 260 |
_aNew Delhi _bR.K. Pulblications _c2018 |
||
| 270 |
_a4806/24, Bharat Ram Road, Darya Ganj _bNew Delhi _e110002 _k011-23285167, 65185557 _minfo@kkpublications.com |
||
| 300 |
_axi,583p. _c25cm(Hb) |
||
| 500 | _aIncludes bibliographical references | ||
| 700 | _aArvind | ||
| 700 | _aSaumya Agarwal | ||
| 942 |
_2ddc _cEN _h515.15 _mGAU |
||